| 000 | 00412 a2200121 4500 | ||
|---|---|---|---|
| 001 | ART_48679 | ||
| 005 | 20260410161827.0 | ||
| 008 | 260409a | ||
| 245 | 1 | 0 | _aBienestar de niños y niñas en el cordón frutihortícola del partido de General Pueyrredón |
| 100 | 1 | _aLabrunée, María Eugenia | |
| 700 | 1 | _aDahul, María Luz | |
| 773 | 0 |
_tFACES _g- Año 23, Nº 49 (jul./dic. 2017) _wREV5046 |
|
| 999 |
_c22895 _d22895 |
||